| 000 | 00496nam a2200181Ia 4500 | ||
|---|---|---|---|
| 005 | 20250326123818.0 | ||
| 008 | 250326s9999 xx 000 0 und d | ||
| 037 | _aTextbook | ||
| 040 |
_aFMSL _beng _cFMSL |
||
| 041 |
_aeng _2eng |
||
| 084 |
_aS(T:S1) K3 _qFMSL |
||
| 100 |
_aTyler L E _9736162 |
||
| 245 | 0 |
_aTests and measurments _cTyler L E |
|
| 260 |
_aNew Jersey _bNew Jersey, Prentice Hall _c1963 |
||
| 300 | _a116p | ||
| 942 |
_cTB _hS(T:S1) K3 |
||
| 999 |
_c1271054 _d1271054 |
||